[Event "Turkey Cup 2020"]
[Site "Antalya-Belek"]
[Date "2020.01.30"]
[Round "7.5"]
[White "Kara, Yanki"]
[Black "Sevgi, Volkan"]
[Result "0-1"]
[WhiteElo "2175"]
[BlackElo "2345"]
[Annotator "TA"]
[PlyCount "88"]
[EventDate "2020.01.26"]
[EventType "swiss"]
[EventCountry "TUR"]
[SourceTitle "playchess.com"]
[Source "ChessBase"]
[SourceQuality "1"]

1. Nf3 Nf6 2. g3 b5 3. Bg2 Bb7 4. Na3 a6 5. c4 e5 6. cxb5 Bxa3 7. bxa3 axb5 8. d3 c5 9. O-O d6 10. Qb3 Bc6 11. Bb2 O-O 12. Rac1 Bd5 13. Qc2 Nc6 14. Qb1 b4 15. e4 Be6 16. Ng5 bxa3 17. Nxe6 fxe6 18. Bc3 Qe7 19. Bh3 Rfb8 20. Qc2 Kh8 21. f4 exf4 22. Rxf4 e5 23. Rff1 Nb4 24. Qe2 Qf7 25. Rf2 Nc6 26. Qf1 Rf8 27. Kh1 Qe7 28. Qe2 Nd4 29. Bxd4 exd4 30. Rcf1 Rab8 31. Qd1 d5 32. e5 Qxe5 33. Qa4 h6 34. Qxa3 c4 35. Qc5 cxd3 36. Rf5 Qe2 37. R5f2 Qh5 38. Bf5 d2 39. Bc2 Rbc8 40. Bd1 Rxc5 41. Bxh5 Rfc8 42. Bf3 Rc1 43. Kg2 Ne4 44. Bxe4 Rxf1 0-1

[Event "Turkey Cup 2020"]
[Site "Antalya-Belek"]
[Date "2020.01.30"]
[Round "7.6"]
[White "Tarlabasi, Emirhan"]
[Black "Yelligedik, Murat"]
[Result "1/2-1/2"]
[WhiteElo "2274"]
[BlackElo "2056"]
[Annotator "RC"]
[PlyCount "104"]
[EventDate "2020.01.26"]
[EventType "swiss"]
[EventCountry "TUR"]
[SourceTitle "playchess.com"]
[Source "ChessBase"]
[SourceQuality "1"]

1. d4 Nf6 2. c4 g6 3. Nc3 Bg7 4. e4 d6 5. f4 O-O 6. Nf3 c5 7. dxc5 Qa5 8. Bd3 Qxc5 9. Qe2 Nc6 10. Be3 Qa5 11. O-O Bg4 12. a3 Nd7 13. Rac1 Nd4 14. Qf2 Nb3 15. Rb1 Bxf3 16. Qxf3 Ndc5 17. Rbd1 Bxc3 18. bxc3 Nxd3 19. Rxd3 Nc5 20. Rd5 b6 21. Bc1 Qa4 22. f5 Qxc4 23. Bh6 Qxe4 24. Bxf8 Rxf8 25. Qxe4 Nxe4 26. Re1 Nf6 27. Rd4 Re8 28. g4 Kf8 29. Rc4 Nd7 30. Rc7 Ne5 31. Rb1 Nxg4 32. fxg6 hxg6 33. Rxa7 Rc8 34. Rb3 Ne5 35. Rxb6 Rxc3 36. a4 Rc2 37. a5 g5 38. a6 g4 39. Ra8+ Kg7 40. a7 Nf3+ 41. Kf1 Nxh2+ 42. Ke1 Nf3+ 43. Kd1 Ra2 44. Rb2 Ra5 45. Ke2 Nd4+ 46. Kf2 Nc6 47. Rb7 f5 48. Rc7 Ra2+ 49. Kg3 Ra3+ 50. Kh4 Kg6 51. Rg8+ Kh6 52. Rh8+ Kg6 1/2-1/2

[Event "Turkey Cup 2020"]
[Site "Antalya-Belek"]
[Date "2020.01.30"]
[Round "7.7"]
[White "Yilmaz, Goktan"]
[Black "Ozguner, Hakki Ata"]
[Result "1/2-1/2"]
[WhiteElo "2265"]
[BlackElo "2077"]
[Annotator "RC"]
[PlyCount "103"]
[EventDate "2020.01.26"]
[EventType "swiss"]
[EventCountry "TUR"]
[SourceTitle "playchess.com"]
[Source "ChessBase"]
[SourceQuality "1"]

1. e4 c5 2. Nf3 e6 3. d4 cxd4 4. Nxd4 Nc6 5. Nc3 Qc7 6. f4 a6 7. Nxc6 bxc6 8. Bd3 Nf6 9. O-O d5 10. Qe2 Be7 11. Bd2 O-O 12. Rae1 Re8 13. Kh1 Bf8 14. b3 Bb7 15. e5 Nd7 16. Na4 g6 17. Rf3 c5 18. Rg3 c4 19. bxc4 dxc4 20. Bxc4 Rac8 21. Bb3 Bd5 22. Qxa6 Bxb3 23. cxb3 Qc2 24. Qd3 Qxa2 25. Nc3 Qxb3 26. Qxd7 Red8 27. Ne4 Qxg3 28. hxg3 Rxd7 29. Nf6+ Kg7 30. Nxd7 Rd8 31. Nxf8 Rxd2 32. Nxe6+ fxe6 33. Rc1 g5 34. Kh2 Kg6 35. Rc8 gxf4 36. gxf4 Kf5 37. Rf8+ Kg4 38. Rf6 h5 39. Rxe6 Kxf4 40. Kh3 Rd1 41. g3+ Kf5 42. Re8 Rh1+ 43. Kg2 Re1 44. Rh8 Kg4 45. Rg8+ Kf5 46. Kh3 Rh1+ 47. Kg2 Re1 48. Rf8+ Kg4 49. Rg8+ Kf5 50. e6 Rxe6 51. Kh3 Re1 52. Rb8 1/2-1/2

[Event "Turkey Cup 2020"]
[Site "Antalya-Belek"]
[Date "2020.01.30"]
[Round "7.8"]
[White "Pektas, Yigit"]
[Black "Aydincelebi, Kagan"]
[Result "1/2-1/2"]
[WhiteElo "2155"]
[BlackElo "2249"]
[Annotator "RC"]
[PlyCount "93"]
[EventDate "2020.01.26"]
[EventType "swiss"]
[EventCountry "TUR"]
[SourceTitle "playchess.com"]
[Source "ChessBase"]
[SourceQuality "1"]

1. d4 d5 2. c4 dxc4 3. e3 Nf6 4. Nf3 e6 5. Bxc4 c5 6. O-O a6 7. b3 cxd4 8. Nxd4 Be7 9. Bb2 O-O 10. Be2 Bd7 11. Nd2 Nc6 12. Bf3 Rc8 13. Rc1 Nxd4 14. Bxd4 Bb5 15. Nc4 Bxc4 16. bxc4 Qc7 17. Qb3 e5 18. Bb6 Qb8 19. Bd5 Nxd5 20. cxd5 Qd6 21. e4 Qd7 22. Rc3 Rxc3 23. Qxc3 Bd6 24. Rc1 f6 25. f3 Kf7 26. Qc4 h5 27. h3 g5 28. g4 Rh8 29. Kg2 Kg6 30. a4 Qh7 31. Rc3 Qd7 32. Rc2 Qh7 33. Qb3 Qd7 34. Bc5 hxg4 35. fxg4 Bxc5 36. Rxc5 Rc8 37. Rc4 b5 38. axb5 axb5 39. Rxc8 Qxc8 40. Qxb5 Qc2+ 41. Kf3 Qc3+ 42. Ke2 Qc2+ 43. Ke3 Qc1+ 44. Ke2 Qc2+ 45. Kf3 Qc3+ 46. Kf2 Qd4+ 47. Kf3 1/2-1/2

[Event "Turkey Cup 2020"]
[Site "Antalya-Belek"]
[Date "2020.01.30"]
[Round "7.9"]
[White "Karaoglan, Kivanc"]
[Black "Gallevci, Yagiz"]
[Result "1/2-1/2"]
[WhiteElo "2123"]
[BlackElo "2186"]
[Annotator "RC"]
[PlyCount "179"]
[EventDate "2020.01.26"]
[EventType "swiss"]
[EventCountry "TUR"]
[SourceTitle "playchess.com"]
[Source "ChessBase"]
[SourceQuality "1"]

1. e4 c5 2. Nf3 d6 3. Bb5+ Nd7 4. d4 cxd4 5. Qxd4 a6 6. Bxd7+ Bxd7 7. O-O Nf6 8. Bg5 e5 9. Qd3 Rc8 10. Nc3 Bc6 11. Rfd1 h6 12. Bxf6 Qxf6 13. Nd5 Bxd5 14. Qxd5 Rc7 15. Nd2 Be7 16. Nc4 Qe6 17. Qxe6 fxe6 18. Nxd6+ Bxd6 19. Rxd6 Rxc2 20. Rxe6+ Kf7 21. Rb6 Rd8 22. Rxb7+ Kg8 23. Rb6 Rdd2 24. Rf1 Rxb2 25. Rxa6 Rb4 26. f3 Kh7 27. Kh1 Rbb2 28. Rg1 Rxa2 29. Rxa2 Rxa2 30. h4 h5 31. Rb1 Kg6 32. Rb6+ Kf7 33. Kh2 Ra3 34. Kg3 Rc3 35. Rb2 Rc1 36. Rb3 Rc2 37. Kh3 g6 38. g4 hxg4+ 39. Kxg4 Rg2+ 40. Kh3 Rg1 41. Rb5 Kf6 42. Rb6+ Kf7 43. Kh2 Rc1 44. Kg2 Ra1 45. h5 gxh5 46. Rh6 Ra8 47. Rxh5 Rg8+ 48. Kh3 Ke6 49. Rh6+ Ke7 50. Rh4 Rf8 51. Kg3 Kf6 52. Rh6+ Ke7 53. Ra6 Rg8+ 54. Kf2 Kd7 55. Ke3 Rb8 56. Rg6 Rb2 57. Rg1 Ke6 58. Rd1 Ra2 59. Rd3 Ra8 60. Kf2 Rg8 61. Ra3 Ke7 62. Ra6 Kf7 63. f4 exf4 64. Kf3 Rg6 65. Ra7+ Ke8 66. Kxf4 Rb6 67. Rh7 Ra6 68. Rh8+ Ke7 69. Rh7+ Ke8 70. Kf5 Ra5+ 71. e5 Ra6 72. Rh1 Ke7 73. Rb1 Kf7 74. Rb7+ Ke8 75. Rg7 Kf8 76. Rd7 Ke8 77. Rd1 Ke7 78. Rc1 Kf7 79. Rc7+ Ke8 80. Ke4 Ra4+ 81. Kd5 Ra5+ 82. Ke6 Ra6+ 83. Kf5 Rb6 84. Ra7 Rc6 85. Ke4 Rb6 86. Kd5 Rh6 87. Ra8+ Ke7 88. Rc8 Kd7 89. Rf8 Ke7 90. Ra8 1/2-1/2

[Event "Turkey Cup 2020"]
[Site "Antalya-Belek"]
[Date "2020.01.30"]
[Round "7.11"]
[White "Ozdemir, Serhan Berat"]
[Black "Yurtseven, Melih"]
[Result "1/2-1/2"]
[WhiteElo "2139"]
[BlackElo "2385"]
[Annotator "TA"]
[PlyCount "75"]
[EventDate "2020.01.26"]
[EventType "swiss"]
[EventCountry "TUR"]
[SourceTitle "playchess.com"]
[Source "ChessBase"]
[SourceQuality "1"]

1. e4 c5 2. Nf3 Nc6 3. Bb5 a6 4. Bxc6 dxc6 5. O-O Qc7 6. d4 cxd4 7. Qxd4 c5 8. Qc3 Nf6 9. Re1 e6 10. a4 Be7 11. Bg5 Bd7 12. Nbd2 Bc6 13. Bh4 b6 14. Bg3 Qb7 15. Qe3 O-O 16. Ne5 Rfd8 17. f3 c4 18. Bf2 b5 19. axb5 axb5 20. Nf1 Be8 21. Qb6 Qc8 22. Red1 Rxd1 23. Rxd1 h6 24. h3 h5 25. g4 hxg4 26. hxg4 Ra6 27. Qe3 Bd6 28. Qc3 Qb8 29. Bg3 Bc7 30. Kg2 Rb6 31. Ne3 b4 32. Qd4 Rd6 33. Qc5 Rxd1 34. Nxd1 Bd6 35. Qd4 Bc7 36. Qc5 Bd6 37. Qd4 Bc7 38. Qc5 1/2-1/2

[Event "Turkey Cup 2020"]
[Site "Antalya-Belek"]
[Date "2020.01.30"]
[Round "7.12"]
[White "Erdogan, Anil Berk"]
[Black "Koksal, Ege"]
[Result "1/2-1/2"]
[WhiteElo "2147"]
[BlackElo "2368"]
[Annotator "TA"]
[PlyCount "32"]
[EventDate "2020.01.26"]
[EventType "swiss"]
[EventCountry "TUR"]
[SourceTitle "playchess.com"]
[Source "ChessBase"]
[SourceQuality "1"]

1. e4 e5 2. Nf3 Nc6 3. d4 exd4 4. Nxd4 Nf6 5. Nc3 Bb4 6. Nxc6 bxc6 7. Bd3 d5 8. exd5 cxd5 9. O-O O-O 10. Bg5 c6 11. Qf3 Bd6 12. Rae1 h6 13. Bxf6 Qxf6 14. Qxf6 gxf6 15. Ne2 Be5 16. b3 Be6 1/2-1/2

[Event "Turkey Cup 2020"]
[Site "Antalya-Belek"]
[Date "2020.01.30"]
[Round "7.13"]
[White "Kul, Ozdemir Efe"]
[Black "Soylu, Suat"]
[Result "1-0"]
[WhiteElo "1979"]
[BlackElo "2329"]
[Annotator "RC"]
[PlyCount "77"]
[EventDate "2020.01.26"]
[EventType "swiss"]
[EventCountry "TUR"]
[SourceTitle "playchess.com"]
[Source "ChessBase"]
[SourceQuality "1"]

1. Nf3 c5 2. g3 Nc6 3. Bg2 g6 4. O-O Bg7 5. d3 d6 6. e4 e5 7. Nc3 Nge7 8. Nh4 O-O 9. f4 exf4 10. gxf4 f5 11. Be3 Be6 12. Nf3 h6 13. Qd2 Nd4 14. Nd1 Nxf3+ 15. Bxf3 Nc6 16. c3 Kh7 17. Kh1 Rc8 18. Rg1 Qf6 19. Nf2 b5 20. Rg3 Rg8 21. Rag1 Bh8 22. e5 Qe7 23. d4 Bxa2 24. Nd3 cxd4 25. cxd4 Qf7 26. Qg2 Bc4 27. d5 Ne7 28. Nb4 a5 29. exd6 axb4 30. dxe7 Qf6 31. Bd2 Bd3 32. Bxb4 Rc2 33. Qh3 Be2 34. R3g2 Bxf3 35. Qxf3 Rxb2 36. Rxb2 Qxb2 37. Qg2 Qf6 38. d6 g5 39. d7 1-0

[Event "Turkey Cup 2020"]
[Site "Antalya-Belek"]
[Date "2020.01.30"]
[Round "7.14"]
[White "Ozer, Omer Faruk"]
[Black "Seyhanoglu, Deniz"]
[Result "1-0"]
[WhiteElo "2338"]
[BlackElo "2087"]
[Annotator "TA"]
[PlyCount "61"]
[EventDate "2020.01.26"]
[EventType "swiss"]
[EventCountry "TUR"]
[SourceTitle "playchess.com"]
[Source "ChessBase"]
[SourceQuality "1"]

1. e4 c5 2. Nf3 e6 3. d4 cxd4 4. Nxd4 a6 5. Bd3 Nf6 6. O-O Qc7 7. Qe2 d6 8. f4 Nbd7 9. c4 b6 10. Kh1 Bb7 11. Nc3 g6 12. f5 e5 13. Ne6 fxe6 14. fxe6 Bg7 15. exd7+ Qxd7 16. Be3 O-O 17. Bxb6 Nh5 18. g3 Bh6 19. Rad1 Rac8 20. b4 Kg7 21. c5 Qh3 22. Qg2 Qxg2+ 23. Kxg2 Be3 24. Nd5 Bxd5 25. exd5 dxc5 26. Bxa6 Ra8 27. Rxf8 Kxf8 28. d6 Rxa6 29. d7 Bg5 30. h4 Bf6 31. bxc5 1-0

[Event "Turkey Cup 2020"]
[Site "Antalya-Belek"]
[Date "2020.01.30"]
[Round "7.15"]
[White "Ozsakallioglu, Okan"]
[Black "Kirilmaz, Emre"]
[Result "1-0"]
[WhiteElo "2272"]
[BlackElo "2068"]
[Annotator "RC"]
[PlyCount "79"]
[EventDate "2020.01.26"]
[EventType "swiss"]
[EventCountry "TUR"]
[SourceTitle "playchess.com"]
[Source "ChessBase"]
[SourceQuality "1"]

1. e4 Nf6 2. e5 Nd5 3. d4 d6 4. Nf3 dxe5 5. Nxe5 c6 6. Be2 Bf5 7. O-O Nd7 8. Nf3 e6 9. c4 Nb4 10. a3 Na6 11. d5 cxd5 12. cxd5 e5 13. Bxa6 bxa6 14. Qa4 Bd6 15. Qc6 Ke7 16. Nh4 Bg6 17. Qxa6 Nc5 18. Nxg6+ hxg6 19. Qc4 Qd7 20. f4 Qg4 21. Be3 Rac8 22. Nc3 Qh4 23. h3 Nd7 24. Qe2 Kf8 25. Qa6 Ke7 26. Ne4 Bb8 27. d6+ Ke6 28. Ng5+ Kf6 29. fxe5+ Kxe5 30. Nf3+ Ke4 31. Qa4+ Kd3 32. Rad1+ Ke2 33. Rfe1+ Qxe1+ 34. Rxe1+ Kd3 35. Qd4+ Kc2 36. Qd1+ Kxb2 37. Qb1+ Kxa3 38. Re2 Rc2 39. Rxc2 Rh5 40. Ra2# 1-0

[Event "Turkey Cup 2020"]
[Site "Antalya-Belek"]
[Date "2020.01.30"]
[Round "7.16"]
[White "Tepe, Efe Can"]
[Black "Citak, Selim"]
[Result "0-1"]
[WhiteElo "2137"]
[BlackElo "2198"]
[Annotator "RC"]
[PlyCount "82"]
[EventDate "2020.01.26"]
[EventType "swiss"]
[EventCountry "TUR"]
[SourceTitle "playchess.com"]
[Source "ChessBase"]
[SourceQuality "1"]

1. e4 e5 2. Nf3 Nc6 3. Bb5 a6 4. Ba4 Nf6 5. O-O Be7 6. Re1 b5 7. Bb3 d6 8. c3 O-O 9. h3 Bb7 10. d4 Nd7 11. Nbd2 exd4 12. cxd4 Bf6 13. Nf1 Na5 14. Bc2 Re8 15. Ng3 g6 16. a4 c5 17. axb5 axb5 18. dxc5 dxc5 19. Ra3 Ne5 20. Nxe5 Qxd1 21. Rxd1 Bxe5 22. Ne2 b4 23. Rf3 Rad8 24. Rxd8 Rxd8 25. g3 c4 26. Bg5 f6 27. Bxf6 Bxf6 28. Rxf6 Rd2 29. Nf4 Kg7 30. e5 Rxc2 31. Ne6+ Kh6 32. g4 Bc8 33. Nd8 Rd2 34. Nf7+ Kg7 35. Ng5 h6 36. Ne4 Re2 37. f3 c3 38. bxc3 b3 39. Rb6 b2 40. Kf1 Rc2 41. Nd6 Ba6+ 0-1

[Event "Turkey Cup 2020"]
[Site "Antalya-Belek"]
[Date "2020.01.30"]
[Round "7.17"]
[White "Kucuk, Dogan"]
[Black "Kilic, Efe Mert"]
[Result "1/2-1/2"]
[WhiteElo "2005"]
[BlackElo "2247"]
[Annotator "RC"]
[PlyCount "33"]
[EventDate "2020.01.26"]
[EventType "swiss"]
[EventCountry "TUR"]
[SourceTitle "playchess.com"]
[Source "ChessBase"]
[SourceQuality "1"]

1. e4 Nf6 2. e5 Nd5 3. d4 d6 4. Nf3 dxe5 5. Nxe5 c6 6. c4 Nf6 7. Nc3 g6 8. Be2 Bg7 9. O-O O-O 10. Be3 Nbd7 11. Nxd7 Bxd7 12. Bf3 Qc7 13. h3 Rad8 14. Qb3 b6 15. Rfe1 Rfe8 16. Rad1 Qb8 17. Qa3 1/2-1/2

[Event "Turkey Cup 2020"]
[Site "Antalya-Belek"]
[Date "2020.01.30"]
[Round "7.18"]
[White "Karaoglan, Doruk"]
[Black "Kilic, Eray"]
[Result "0-1"]
[WhiteElo "2222"]
[BlackElo "2069"]
[Annotator "RC"]
[PlyCount "114"]
[EventDate "2020.01.26"]
[EventType "swiss"]
[EventCountry "TUR"]
[SourceTitle "playchess.com"]
[Source "ChessBase"]
[SourceQuality "1"]

1. e4 c5 2. Nc3 Nc6 3. g3 d6 4. Bg2 g6 5. f4 Bg7 6. Nf3 e6 7. e5 dxe5 8. fxe5 Nge7 9. Ne4 Nxe5 10. Nxe5 Bxe5 11. Nxc5 O-O 12. c3 Qc7 13. d4 Bg7 14. Nd3 Nd5 15. O-O Bd7 16. Nf4 Bc6 17. Qb3 Nb6 18. Bxc6 Qxc6 19. Nd3 Rac8 20. Bg5 Nc4 21. Rae1 Qd5 22. Bf4 g5 23. Bc1 h6 24. Qd1 Nd6 25. Qh5 Nf5 26. a3 b6 27. Qg4 Rc4 28. Qe2 b5 29. Ne5 Rc7 30. Qg4 a5 31. Nf3 b4 32. axb4 axb4 33. Bd2 Nd6 34. Re5 Bxe5 35. Nxe5 f5 36. Qh5 Ne4 37. Be1 Rf6 38. h4 Rg7 39. Kh2 gxh4 40. Qxh4 bxc3 41. bxc3 Qa2+ 42. Kg1 Qe2 43. Qf4 Ng5 44. Qh4 f4 45. Ng4 Nh3+ 46. Qxh3 Rxg4 47. Qg2 Qxg2+ 48. Kxg2 h5 49. Rh1 f3+ 50. Kf2 Re4 51. Kf1 Rf5 52. Rh4 Re2 53. Rf4 Rxf4 54. gxf4 Rc2 55. c4 Rxc4 56. Kf2 Rxd4 57. Kxf3 Kf7 0-1

[Event "Turkey Cup 2020"]
[Site "Antalya-Belek"]
[Date "2020.01.30"]
[Round "7.19"]
[White "Mecit, Emre"]
[Black "Oney, Adil Feridun"]
[Result "1-0"]
[WhiteElo "2019"]
[BlackElo "2041"]
[Annotator "NA RC"]
[PlyCount "75"]
[EventDate "2020.01.26"]
[EventType "swiss"]
[EventCountry "TUR"]
[SourceTitle "playchess.com"]
[Source "ChessBase"]
[SourceQuality "1"]

1. e4 g6 2. d4 Bg7 3. Nc3 d6 4. Be3 a6 5. h3 b5 6. g4 Bb7 7. Bg2 Nd7 8. Nge2 e6 9. O-O h5 10. g5 Ne7 11. h4 Nb6 12. Ng3 Nc4 13. Bc1 c5 14. Nce2 cxd4 15. Nxd4 Qb6 16. c3 Nc6 17. Nc2 Rd8 18. Ne3 N6e5 19. a4 O-O 20. axb5 axb5 21. b3 Na5 22. Kh1 f5 23. exf5 Bxg2+ 24. Kxg2 Qc6+ 25. Kh3 exf5 26. Nd5 Qb7 27. Rxa5 f4 28. Bxf4 Qc8+ 29. Kg2 Qe6 30. Ra7 Nc6 31. Rc7 Rc8 32. Re1 Be5 33. Rxc8 Rxc8 34. Bxe5 dxe5 35. Nf6+ Kg7 36. Qd7+ Qxd7 37. Nxd7 b4 38. cxb4 1-0

[Event "Turkey Cup 2020"]
[Site "Antalya-Belek"]
[Date "2020.01.30"]
[Round "7.20"]
[White "Sahin, Handenur"]
[Black "Agdelen, Huseyin Can"]
[Result "1/2-1/2"]
[WhiteElo "2024"]
[BlackElo "2199"]
[Annotator "RC"]
[PlyCount "61"]
[EventDate "2020.01.26"]
[EventType "swiss"]
[EventCountry "TUR"]
[SourceTitle "playchess.com"]
[Source "ChessBase"]
[SourceQuality "1"]

1. e4 c6 2. Nc3 d5 3. Nf3 dxe4 4. Nxe4 Nf6 5. Nxf6+ exf6 6. Bc4 Be7 7. h3 O-O 8. d4 Re8 9. O-O Nd7 10. Re1 b5 11. Bd3 Nb6 12. Bf4 Be6 13. Nh4 Bf8 14. Nf5 Nd5 15. Bd2 Qd7 16. Qf3 Kh8 17. c3 g6 18. Ng3 f5 19. Ne2 Rad8 20. a4 a6 21. axb5 axb5 22. Bg5 Be7 23. Bxe7 Qxe7 24. Nf4 Nxf4 25. Qxf4 Kg7 26. Re2 Qd6 27. Qxd6 Rxd6 28. Ra6 Red8 29. f3 Kf6 30. Kf2 Bd5 31. Re5 1/2-1/2

[Event "Turkey Cup 2020"]
[Site "Antalya-Belek"]
[Date "2020.01.30"]
[Round "7.21"]
[White "Caglar, Ahmet Ata"]
[Black "Ersahin, Bulent"]
[Result "1-0"]
[WhiteElo "2065"]
[BlackElo "2121"]
[Annotator "RC"]
[PlyCount "83"]
[EventDate "2020.01.26"]
[EventType "swiss"]
[EventCountry "TUR"]
[SourceTitle "playchess.com"]
[Source "ChessBase"]
[SourceQuality "1"]

1. Nf3 Nf6 2. g3 g6 3. Bg2 Bg7 4. O-O O-O 5. d4 c5 6. dxc5 Na6 7. Be3 Qc7 8. Nc3 Nxc5 9. Nb5 Qb6 10. a4 a6 11. b4 axb5 12. Bxc5 Qc7 13. a5 d5 14. Nd4 Bd7 15. Qd3 Rfe8 16. Rad1 Ne4 17. Bxe4 dxe4 18. Qxe4 e5 19. Nf3 Bf5 20. Qe3 Bxc2 21. Rc1 Bf5 22. Bf8 Qd7 23. Bxg7 Kxg7 24. Rfd1 Qe7 25. Rc5 Rad8 26. Rxd8 Qxd8 27. Rxe5 Bh3 28. Qc1 Rxe5 29. Nxe5 Qd5 30. Nf3 Qe4 31. Qd2 f6 32. Ne1 h5 33. f3 Qc4 34. Kf2 Bf5 35. Ng2 Be6 36. Ne3 Qb3 37. Qd6 h4 38. Qe7+ Bf7 39. Qxb7 Qb1 40. f4 hxg3+ 41. hxg3 g5 42. fxg5 1-0

[Event "Turkey Cup 2020"]
[Site "Antalya-Belek"]
[Date "2020.01.30"]
[Round "7.22"]
[White "Can, Melih Kaan"]
[Black "Koc, Ilkay"]
[Result "0-1"]
[WhiteElo "2138"]
[BlackElo "2007"]
[Annotator "RC"]
[PlyCount "92"]
[EventDate "2020.01.26"]
[EventType "swiss"]
[EventCountry "TUR"]
[SourceTitle "playchess.com"]
[Source "ChessBase"]
[SourceQuality "1"]

1. e4 c5 2. Nf3 d6 3. c3 Nf6 4. Be2 Nc6 5. d4 cxd4 6. cxd4 Nxe4 7. d5 Qa5+ 8. Nc3 Nxc3 9. bxc3 Ne5 10. Nxe5 dxe5 11. O-O e6 12. Rb1 a6 13. d6 Qc5 14. d7+ Bxd7 15. Rxb7 Bc6 16. Rc7 Qd5 17. Qxd5 Bxd5 18. Be3 Bd6 19. Ra7 Rxa7 20. Bxa7 Ke7 21. c4 Bc6 22. Bb6 Bb4 23. c5 Ra8 24. Rb1 Bc3 25. Bc7 Kd7 26. Bd6 e4 27. Rb6 a5 28. Ba6 f5 29. h4 Bf6 30. Bb7 Bxb7 31. Rxb7+ Kc6 32. Rb6+ Kd5 33. a4 Bxh4 34. Rb5 Bf6 35. Bc7 Bc3 36. Bb6 Bb4 37. Kf1 Kc6 38. Ke2 f4 39. g4 h6 40. Kf1 g6 41. Kg2 h5 42. g5 h4 43. Kf1 h3 44. Ba7 Rxa7 45. Rb6+ Kd5 46. c6 Rc7 0-1

[Event "Turkey Cup 2020"]
[Site "Antalya-Belek"]
[Date "2020.01.30"]
[Round "7.23"]
[White "Ozenir, Ekin Baris"]
[Black "Makaraci, Tunahan"]
[Result "1/2-1/2"]
[WhiteElo "2285"]
[BlackElo "2029"]
[Annotator "RC"]
[PlyCount "56"]
[EventDate "2020.01.26"]
[EventType "swiss"]
[EventCountry "TUR"]
[SourceTitle "playchess.com"]
[Source "ChessBase"]
[SourceQuality "1"]

1. d4 Nf6 2. Bg5 e6 3. e4 h6 4. Bxf6 Qxf6 5. Nf3 d5 6. Bd3 c5 7. e5 Qd8 8. c3 Nc6 9. Qd2 Bd7 10. O-O Be7 11. dxc5 Bxc5 12. b4 Be7 13. Qe2 O-O 14. Nbd2 Rc8 15. Rac1 a6 16. Bb1 Nb8 17. Bd3 Qb6 18. a3 a5 19. Rfd1 Rc7 20. Nb3 Rfc8 21. Qb2 Ba4 22. Bc2 axb4 23. axb4 Nd7 24. Nbd4 Bxc2 25. Rxc2 Rc4 26. Nd2 R4c7 27. N2f3 Rc4 28. Nd2 R4c7 1/2-1/2

[Event "Turkey Cup 2020"]
[Site "Antalya-Belek"]
[Date "2020.01.30"]
[Round "7.24"]
[White "Danaci, Ege"]
[Black "Dolgun, Can"]
[Result "1-0"]
[WhiteElo "1974"]
[BlackElo "2266"]
[Annotator "RC"]
[PlyCount "135"]
[EventDate "2020.01.26"]
[EventType "swiss"]
[EventCountry "TUR"]
[SourceTitle "playchess.com"]
[Source "ChessBase"]
[SourceQuality "1"]

1. e4 e5 2. Nf3 Nc6 3. Bb5 a6 4. Ba4 Nf6 5. d3 b5 6. Bb3 Be7 7. O-O d6 8. a4 Bd7 9. c3 O-O 10. Nbd2 Na5 11. Bc2 c5 12. Re1 Rb8 13. axb5 axb5 14. d4 cxd4 15. cxd4 Nc6 16. h3 Ra8 17. Rxa8 Qxa8 18. Nf1 Qb7 19. Ng3 Rc8 20. Bb3 Ne8 21. Bg5 Bf8 22. Bxf7+ Kxf7 23. Qb3+ Be6 24. d5 Nc7 25. dxe6+ Nxe6 26. Be3 h6 27. Nf5 Na5 28. Qd3 Rd8 29. b3 Rd7 30. Ra1 Nc6 31. Rd1 Nb4 32. Qd2 Nc6 33. Qd5 Nb8 34. Qxb7 Rxb7 35. Rxd6 Kf6 36. Rd5 Nd7 37. Nd6 Bxd6 38. Rxd6 Ke7 39. Rc6 Rc7 40. Rxc7 Nxc7 41. Kf1 Kd6 42. Ke2 Na6 43. Nd2 Nf6 44. f3 Nd7 45. g3 h5 46. f4 Ke6 47. Nf3 Nb4 48. fxe5 Nc6 49. Nd4+ Nxd4+ 50. Bxd4 Nb8 51. b4 Nc6 52. Bc3 Nd8 53. Ke3 g5 54. Kd4 h4 55. gxh4 gxh4 56. Ke3 Kf7 57. Kf4 Kg6 58. Kg4 Ne6 59. Bd2 Nd4 60. Bc3 Ne2 61. Be1 Nd4 62. Bc3 Ne2 63. Bb2 Ng3 64. Kf4 Ne2+ 65. Kf3 Ng3 66. e6 Nf1 67. Bc3 Ng3 68. Be5 1-0

[Event "Turkey Cup 2020"]
[Site "Antalya-Belek"]
[Date "2020.01.30"]
[Round "7.25"]
[White "Samani, Yamac"]
[Black "Subasi, Cagrican"]
[Result "1-0"]
[WhiteElo "2259"]
[BlackElo "1861"]
[Annotator "RC"]
[PlyCount "75"]
[EventDate "2020.01.26"]
[EventType "swiss"]
[EventCountry "TUR"]
[SourceTitle "playchess.com"]
[Source "ChessBase"]
[SourceQuality "1"]

1. e4 e5 2. Nc3 Nf6 3. g3 d5 4. exd5 Nxd5 5. Bg2 Nxc3 6. bxc3 Bc5 7. Nf3 Nc6 8. O-O O-O 9. d3 Bb6 10. Rb1 h6 11. Re1 Re8 12. Nd2 Qf6 13. Qe2 Qg6 14. a4 Bg4 15. Qf1 Rad8 16. Nc4 Qf6 17. Rb5 a6 18. Rb1 Na5 19. Nxb6 cxb6 20. Re4 Bd7 21. Be3 b5 22. axb5 axb5 23. Reb4 Rc8 24. Ra1 b6 25. c4 bxc4 26. Rxb6 Nc6 27. Raa6 Rc7 28. dxc4 Rec8 29. Bc5 e4 30. Bxe4 Qe5 31. Bd5 Nd4 32. Bd6 Ne2+ 33. Kh1 Qh5 34. f3 Bh3 35. Qxe2 Qxd5 36. cxd5 Rxc2 37. Qxc2 Rxc2 38. Kg1 1-0

[Event "Turkey Cup 2020"]
[Site "Antalya-Belek"]
[Date "2020.01.30"]
[Round "7.26"]
[White "Ozsoy, Alimert"]
[Black "Demir, Bilal"]
[Result "0-1"]
[WhiteElo "2211"]
[BlackElo "1964"]
[Annotator "RC"]
[PlyCount "104"]
[EventDate "2020.01.26"]
[EventType "swiss"]
[EventCountry "TUR"]
[SourceTitle "playchess.com"]
[Source "ChessBase"]
[SourceQuality "1"]

1. e4 e6 2. d4 d5 3. Nd2 Nf6 4. e5 Nfd7 5. f4 c5 6. c3 Nc6 7. Ndf3 Qb6 8. g3 cxd4 9. cxd4 Be7 10. Kf2 O-O 11. Kg2 f6 12. Bd3 fxe5 13. fxe5 a5 14. h4 h6 15. Ne2 Rf7 16. g4 Ndxe5 17. dxe5 Nxe5 18. Nf4 Nxg4 19. Rf1 Bd7 20. Qe2 Qd6 21. Nd4 e5 22. Nb5 Qc5 23. Ng6 Rxf1 24. Qxf1 Bxb5 25. Nxe7+ Qxe7 26. Bxb5 Qxh4 27. Qh1 Qf2+ 28. Kh3 Nf6 29. Qf1 Qd4 30. Qg2 Kh8 31. a4 g5 32. Qg3 Ne4 33. Be3 Qxb2 34. Rb1 g4+ 35. Kh4 Nxg3 36. Rxb2 Nf5+ 37. Kxg4 Nxe3+ 38. Kh5 Rg8 39. Kxh6 Rg2 40. Rb1 Nf5+ 41. Kh5 Nd6 42. Bd7 Kg7 43. Be6 d4 44. Rb6 Ne4 45. Rxb7+ Kf6 46. Bd5 Rg5+ 47. Kh4 Nc3 48. Bc4 Rg7 49. Rb2 e4 50. Rb8 Ke5 51. Rf8 d3 52. Rd8 Kf4 0-1